00723nam a2200193 i 450000100060000000300090000600500170001500700030003200800410003508000130007610000720008924501060016126000660026730000270033365100560036065100550041665100370047185200210050881820ES-MaACL20250407063106.0t|041108s1913 fr m ||||1| fre d a325(675)1 aIbáñez de Ibero, Carlos, cMarqués de Mulhacén, d1888-196613aLa mise en valeur du Congo Belgue b: (etude de Geographie coloniale) / cCarlos Ibáñez de Ibero. a[Paris : bs.n., c1913] (ePithiviers : fDomangé et Cie.) aXII, 248 p. ; c22 cm. 4aCongo (República Democrática)-xColonización. 4aCongo (República Democrática)-xDescripción. 4aBélgica-xColonias-zÁfrica. aES-MaACLjC-1493